000 00591nam a2200217Ia 4500
005 20260429112144.0
008 260429s9999||||xx |||||||||||||| ||und||
020 _a9781032796826
041 _aEnglish
082 _a786.7
_bROS
100 _aRosati, Tommaso
245 0 _aPlay with sound :
_bmanual for electronic musicians and other sound explorers /
_cTommaso Rosati
250 _a1st ed.
260 _aLondon :
_bRoutledge,
_c2025.
300 _a202 p.; pbk
650 _a Musicians
650 _a Sound explorers
650 _aSound
700 _a Hsu, Timothy
942 _cTB
999 _c52635
_d52635